| 000 | 02679nam a2200481 a 4500 | ||
|---|---|---|---|
| 001 | 000046431 | ||
| 003 | DO-SdBNP | ||
| 005 | 20180313141037.0 | ||
| 007 | 000046431 | ||
| 008 | 091117s1998 dr ac 000 0 spa d | ||
| 020 | _a | ||
| 020 | _a8482611127 | ||
| 040 |
_aBPMSU _bspa _cBPMSU |
||
| 082 | 0 | 4 |
_a373.6561 _bN964L 1ro.1998 |
| 100 | 1 | _a Inchaustegui, María Isabel | |
| 245 | 1 | 0 |
_aLengua y literatura 1 : _bsegundo ciclo / _cMaría Isabel Inchaustegui, Jenny Montero ; editor Manuel Núñez ; dirección editorial Obdulia García de Escobar ; ilustración Ruddy Núñez. |
| 246 | _aSegundo ciclo | ||
| 260 |
_aSanto Domingo : _bSantillana, _c1998 |
||
| 300 |
_a3 v. : _bil., retrs. ; _c28 cm. |
||
| 500 | _aLa biblioteca solamente posee el v.1 - Libro texto y v.3 cuadernos de trabajo. | ||
| 500 | _aCurso 1ro./Segundo ciclo | ||
| 505 | 0 |
_gUnidad 1 -- _tIdentidad. Acontecimientos inolvidables -- _gUnidad 2 -- _tMedio ambiente. La conservación de la naturaleza -- _gUnidad 3 -- _tSalud. La salud y el ambiente -- _gUnidad 4 -- _tCiencia y tecnología. Llegada a marte -- _tProyecto 1. El teatro dominicano -- _gUnidad 5 -- _tEducación para el trabajo. Los frutos del trabajo -- _gUnidad 6 -- _tDemocracia y participación. La búsqueda de la libertad -- _tProyecto 2. La novela dominicana -- _gUnidad 7 -- _tCiencia y tecnología. La preocupación por la ciencia -- _gUnidad 8 -- _tParticipación y democracia. El mundo en que nos tocó vivir -- _gUnidad 9 -- _tParticipación y demogracia. Cultivemos la solidaridad -- _gUnidad 10 -- _tLa salud. El ritmo de la salud -- _gUnidad 11 -- _tCreatividad. El trabajo de los artistas y escritores -- _gUnidad 12 -- _tIdentidad. Elogio del país profundos -- _tLiteratura dominicana en el siglo XX -- _tLiteratura hispanoamericana en el siglo XX -- |
|
| 650 | 4 |
_aESPAÑOL _xENSEÑANZA SECUNDARIA |
|
| 650 | 4 |
_aESPAÑOL _xEDUCACIÓN SECUNDARIA |
|
| 650 | 4 |
_aESPAÑOL _xLIBROS TEXTOS |
|
| 650 | 4 |
_aESPAÑOL _xESTUDIOS Y EJERCICIOS |
|
| 650 | 4 |
_aEDUCACIÓN SECUNDARIA _zREPÚBLICA DOMINICANA |
|
| 650 | 4 |
_aLITERATURA _xENSEÑANZA SECUNDARIA |
|
| 650 | 4 |
_aLITERATURA _xEDUCACIÓN SECUNDARIA |
|
| 650 | 4 |
_aLITERATURA _xLIBROS DE TEXTOS |
|
| 650 | 4 |
_aLITERATURA _xESTUDIOS Y EJERCICIOS |
|
| 700 | 1 |
_aGarcía de Escobar, Obdulia _eed. |
|
| 700 | 1 |
_aNúñez, Manuel _e ed. _e |
|
| 700 | 1 | _aMontero, Jenny | |
| 910 | _aValidado. Control de calidad MFF | ||
| 930 | 1 |
_l _m _8 _f _p _g |
|
| 942 |
_2ddc _cBK |
||
| 945 | _aRemanejado para la Bib. BNPHU, 2018/ YL | ||
| 956 |
_a _b _c _l _h |
||
| 956 |
_a _b _c _l _h |
||
| 956 |
_aVMATEO _b10 _c20150813 _lBPMSU _h00151 |
||
| 956 |
_aLOPEREZ _b10 _c20160412 _lBPMSU _h0041 |
||
| 999 |
_c8200 _d8200 |
||